Online katalóg knižníc regiónu Turca

Ako divé husi (Record no. 22347)

MARC details
000 -LEADER
fixed length control field 01894cam a2200505 a 4500
001 - CONTROL NUMBER
control field 22347
003 - CONTROL NUMBER IDENTIFIER
control field VRT
005 - DATE AND TIME OF LATEST TRANSACTION
control field 20260326145024.0
008 - FIXED-LENGTH DATA ELEMENTS--GENERAL INFORMATION
fixed length control field 220511s1996 xo a g 0000j slo
015 ## - NATIONAL BIBLIOGRAPHY NUMBER
National bibliography number SNBA1996/0902528
020 ## - INTERNATIONAL STANDARD BOOK NUMBER
International Standard Book Number 8022007137
Qualifying information (viaz.)
035 ## - SYSTEM CONTROL NUMBER
System control number SNK000162785
035 ## - SYSTEM CONTROL NUMBER
System control number urn:nbn:sk:snk-amjbun
035 ## - SYSTEM CONTROL NUMBER
System control number urn:nbn:sk:snk-am003o9k
035 ## - SYSTEM CONTROL NUMBER
System control number 83A90D55-8BF6-4709-8D2C-FA7C7F034C61
039 #9 - LEVEL OF BIBLIOGRAPHIC CONTROL AND CODING DETAIL [OBSOLETE]
Level of rules in bibliographic description 202205110841
Level of effort used to assign nonsubject heading access points VLOAD
Level of effort used to assign subject headings 202001191027
Level of effort used to assign classification AUTHORITY
Level of effort used to assign subject headings 201712011104
Level of effort used to assign classification VLOAD
Level of effort used to assign subject headings 201508271247
Level of effort used to assign classification VLOAD
040 ## - CATALOGING SOURCE
Original cataloging agency SNK
Language of cataloging slo
Transcribing agency SNK
Description conventions AACR2
041 0# - LANGUAGE CODE
Language code of text/sound track or separate title slo
044 ## - COUNTRY OF PUBLISHING/PRODUCING ENTITY CODE
MARC country code xo
ISO country code SK
080 ## - UNIVERSAL DECIMAL CLASSIFICATION NUMBER
Universal Decimal Classification number 821.162.3-31
Edition identifier 2001
080 ## - UNIVERSAL DECIMAL CLASSIFICATION NUMBER
Universal Decimal Classification number 672.85
Edition identifier 2001
080 ## - UNIVERSAL DECIMAL CLASSIFICATION NUMBER
Universal Decimal Classification number (0:82-311.4)
Edition identifier 2001
100 1# - MAIN ENTRY--PERSONAL NAME
Personal name Ferko, Vladimír,
Dates associated with a name 1925-2002
Relationship aut
245 10 - TITLE STATEMENT
Title Ako divé husi
Remainder of title román o pamäti
Statement of responsibility, etc. Vladimír Ferko, Andrej Ferko
250 ## - EDITION STATEMENT
Edition statement 2. vyd.
260 ## - PUBLICATION, DISTRIBUTION, ETC.
Place of publication, distribution, etc. Bratislava
Name of publisher, distributor, etc. Slovenský spisovateľ
Date of publication, distribution, etc. 1996
300 ## - PHYSICAL DESCRIPTION
Extent 172 s.
Other physical details obr.
Dimensions 20 cm
500 ## - GENERAL NOTE
General note Ilustr. na tit. strane, fotogr., na front. a predsádkach
650 07 - SUBJECT ADDED ENTRY--TOPICAL TERM
Topical term or geographic name entry element literatúra slovenská
General subdivision romány sociálne
-- romány dokumentárne
Source of heading or term SNKPH
650 07 - SUBJECT ADDED ENTRY--TOPICAL TERM
Topical term or geographic name entry element romány sociálne
General subdivision literatúra slovenská
Source of heading or term SNKPH
650 07 - SUBJECT ADDED ENTRY--TOPICAL TERM
Topical term or geographic name entry element romány dokumentárne
General subdivision literatúra slovenská
Source of heading or term SNKPH
650 07 - SUBJECT ADDED ENTRY--TOPICAL TERM
Topical term or geographic name entry element drotárstvo
General subdivision romány dokumentárne
Source of heading or term SNKPH
655 #7 - INDEX TERM--GENRE/FORM
Genre/form data or focus term slovenské romány
Source of term SNKPH
655 #7 - INDEX TERM--GENRE/FORM
Genre/form data or focus term sociálne romány
Source of term SNKPH
700 1# - ADDED ENTRY--PERSONAL NAME
Personal name Ferko, Andrej,
Dates associated with a name 1955-
Relationship aut
910 ## - USER-OPTION DATA (OCLC)
User-option data snk
911 ## - EQUIVALENCE OR CROSS-REFERENCE-CONFERENCE OR MEETING NAME [LOCAL, CANADA]
Meeting name or jurisdiction name as entry element KN 1996/09
Number [OBSOLETE] 02528
942 ## - ADDED ENTRY ELEMENTS (KOHA)
Source of classification or shelving scheme Dewey Decimal Classification
Koha item type Krásna literatúra pre dospelých
Suppress in OPAC No
949 ## - LOCAL PROCESSING INFORMATION (OCLC)
6 273K0221867
a svkpoA 167762
b svkpo416921
949 ## - LOCAL PROCESSING INFORMATION (OCLC)
6 270001000020755
a svkbbA 91083
b svkbbm 602151
949 ## - LOCAL PROCESSING INFORMATION (OCLC)
6 270001000020756
a svkbbA 91083
b svkbbm 602131
949 ## - LOCAL PROCESSING INFORMATION (OCLC)
9 P60, <09>, [BOOK], {629}
a snkC 1272
b snk2392/960724
949 ## - LOCAL PROCESSING INFORMATION (OCLC)
6 17A0007125
9 P60, <03>, [BOOK], {603}
a snkSD 67944
b snkKSP 5748/96
949 ## - LOCAL PROCESSING INFORMATION (OCLC)
6 17A0007124
a snkSD 67944 D1
b snkKSP 5749/96
s 6100:20140925
Holdings
Stav vyradenia Strata Poškodenie Spôsob nadobudnutia Domovská knižnica Aktuálna knižnica Dátum nadobudnutia Total checkouts Čiarový kód exemplára Date last seen Typ exemplára
      Dar Obecná knižnica Turčianska Štiavnička Obecná knižnica Turčianska Štiavnička 26.03.2026   4738000766 26.03.2026 Krásna literatúra pre dospelých
Projekt je podporený Slovenskou asociáciou knižníc
Prevádzkuje Turčianska knižnica Martin 2026